书目信息 |
| 题名: |
计算机文化基础
|
|
| 作者: | 胡峰松 主编 | |
| 分册: | ||
| 出版信息: | 北京 北方交通大学出版社 2001.09 |
|
| 页数: | 308页 | |
| 开本: | 16开 | |
| 丛书名: | ||
| 单 册: | ||
| 中图分类: | TP3 , TP3-05 | |
| 科图分类: | ||
| 主题词: | 计算技术 , 电子计算机 | |
| 电子资源: | ||
| ISBN: | 7-81082-014-1 | |
| 000 | 00653nam0 2200229 45 | |
| 001 | 0207240966 | |
| 005 | 20090908082614.45 | |
| 010 | @a7-81082-014-1@d26.00元 | |
| 100 | @a20020724d2001 km y0chiy0120 ea | |
| 101 | 0 | @achi |
| 105 | @a z 000yy | |
| 200 | 1 | @a计算机文化基础@AJi Suan Ji Wen Hua Ji Chu@f胡峰松主编@FHu Feng Song Zhu Bian |
| 210 | @a北京@c北方交通大学出版社@d2001.09 | |
| 215 | @a308页@d16开 | |
| 300 | @a现代远程教育计算机信息技术教材 | |
| 606 | 0 | @a计算技术 |
| 606 | 0 | @a电子计算机 |
| 690 | @aTP3@v3 | |
| 690 | @aTP3-05@v4 | |
| 701 | 0 | @a胡峰松@4主编 |
| 801 | @aCN@bPftUser@c20090908 | |
| 905 | @aBZT@b342340-341@dTP3-05@e2@f2 | |
| 计算机文化基础/胡峰松主编.-北京:北方交通大学出版社,2001.09 |
| 308页;16开 |
| 现代远程教育计算机信息技术教材 |
| ISBN 7-81082-014-1:26.00元 |
| ● |
| 相关链接 |
|
|
|
正题名:计算机文化基础
索取号:TP3-05/2
 
预约/预借
| 序号 | 登录号 | 条形码 | 馆藏地/架位号 | 状态 | 备注 |
| 1 | 342340 | 201397087 | 中心书库中库/ 中库028架B面4列4层3/ [索取号:TP3-05/2] | 在馆 | |
| 2 | 342341 | 201397096 | 中心书库中库/ 中库028架B面5列7层24/ [索取号:TP3-05/2] | 在馆 |